| 000 | 00000nas##2200000za#4500 |
| 001 | 9.513397 |
| 003 | CaOODSP |
| 005 | 20210615082748 |
| 007 | ta |
| 008 | 150406c2002||||xxc|| m #||||f| |0fre|d |
| 022 | |a1704-4464 |
| 040 | |aCaOODSP|bfre |
| 043 | |an-cn--- |
| 086 | 1 |aEn1-34F |
| 110 | 1 |aCanada.|bEnvironnement Canada. |bBureau national des recommandations et des normes. |
| 245 | 13|aLa santé de l'écosytème, solutions fondées sur la science |
| 260 | |aOttawa - Ontario : |bEnvironnement Canada. |
| 310 | |aIrrégulier |
| 362 | 1 |a1-1-- |
| 500 | |a«Document scientifique complémentaire» |
| 546 | |a(Abstracts in English.) |
| 563 | |aReliure à spirale |
| 775 | 08|tEcosystem health, science-based solutions |w(CaOODSP)9.514535 |
| 776 | 0#|tLa santé de l'écosytème, solutions fondées sur la science |w(CaOODSP)9.500919 |